Birds by Letter - R - Statistics

General Stats
  • This quiz has been taken 53 times
  • The average score is 6 of 16
Answer Stats
Picture Answer % Correct
Raven
96%
Robin
88%
Roadrunner
80%
Rhea
69%
Rail
43%
Roller
41%
Rosella
37%
Redpoll
31%
Reedling
29%
Redshank
27%
Redstart
27%
Racquet-tail
14%
Riflebird
12%
Rockfowl
10%
Rockjumper
8%
Rhabdornis
2%
No matching quizzes found
Score Distribution
Percent of People with Each Score
Percentile by Number Answered
Your Score History
You have not taken this quiz